| 000 | 00888 a2200205 4500 | ||
|---|---|---|---|
| 003 | Nust | ||
| 005 | 20220803171118.0 | ||
| 010 | _a 87038218 | ||
| 020 | _a0881751022 | ||
| 040 | _cNust | ||
| 082 | 0 | 0 | _a621.38043,NIC |
| 100 | 1 |
_aNicholson, David L., _957189 |
|
| 245 | 1 | 0 |
_aSpread spectrum signal design : _bLPE & AJ systems / _cDavid L. Nicholson. |
| 260 |
_aRockville, Md. : _bComputer Science Press, _cc1988. |
||
| 300 |
_axii, 291 p. : _bill. ; _c24 cm. |
||
| 440 | 0 |
_aElectrical engineering communications and signal processing series, _v12 _996481 |
|
| 505 | _aIntroduction to Low Probability (Page-1), Review Of Spread Spectrum (Page-25), Design Spread Spectrum (Page-91), Design.Of Spread Signals Against (Page-155), Spread Spectrum Design to Achieve (Page-189), Jamming and Detectability contours (Page-237). | ||
| 650 | 0 | _aTelecommunication Engineering. | |
| 942 |
_cREF _2ddc |
||
| 999 |
_c175826 _d175826 |
||